Λογαριασμός 44: προβλέψεις : πτυχιακή εργασία
Αποθηκεύτηκε σε:
| Κύριος συγγραφέας: | |
|---|---|
| Συγγραφή απο Οργανισμό/Αρχή: | |
| Άλλοι συγγραφείς: | |
| Μορφή: | Thesis Βιβλίο |
| Γλώσσα: | Greek |
| Θέματα: | |
| Ετικέτες: |
Προσθήκη ετικέτας
Δεν υπάρχουν, Καταχωρήστε ετικέτα πρώτοι!
|
MARC
| LEADER | 00000cam a2200000 i 4500 | ||
|---|---|---|---|
| 001 | 1/102926 | ||
| 008 | 000301s gre d | ||
| 035 | |l 10058273 | ||
| 040 | |a GR-MY-UA |b gre |e aacr | ||
| 041 | 0 | |a gre | |
| 082 | 0 | |a 657 |2 (22) | |
| 100 | 1 | |a Παπαροιδάμης, Δημήτρης. | |
| 245 | 1 | 0 | |a Λογαριασμός 44: προβλέψεις : |b πτυχιακή εργασία / |c Παπαροιδάμης Δημήτρης ; επιβλέπων καθηγητής: Θεοχάρης Μπαλής. |
| 300 | |a 52 σ. ; |c 30 εκ. | ||
| 502 | |a Πτυχιακή εργασία - Πανεπιστήμιο Αιγαίου, Χίος, 1999. | ||
| 610 | 2 | 0 | |a Πανεπιστήμιο Αιγαίου. |
| 650 | 0 | 0 | |a Accounting |x Problems, exercises, etc. |
| 650 | 0 | 0 | |a Dissertations, Academic |z Greece. |
| 700 | 1 | |a Μπαλής, Θεοχάρης, |e dgs [Επιβλέπων καθηγητής] | |
| 710 | 1 | |a Πανεπιστήμιο Αιγαίου |b Σχολή Επιστημών της Διοίκησης |b Τμήμα Διοίκησης Επιχειρήσεων - Τ.Δ.Ε. | |
| 852 | |a INST |b CHIOS |c DIATR |e 20000301 |h 657 ΠΑΠ |p 005200018324 |q 005200018324 |t DIE |y 23 | ||
| 901 | |a BIBL2-2000-1 | ||
| 909 | |a Χ |b 074759 | ||
| 924 | |a ΠΑΠΑΡΟΙΔΑΜΗΣ |b ΔΗΜΗΤΡΗΣ |y ΧΙΟΣ |z 1999-10 | ||
| 970 | |a ΠΟΥΛΑΚΗ |b ΣΤΕΛΛΑ |z 2000/03/01 | ||